000 00624nam a22001577a 4500
008 160415b xxu||||| |||| 00| 0 eng d
082 _22007
_aUT 0152
_bP75
100 _95691
_aPolistico, Rosalina M.
245 _aStudent's school related problem and their academic performance in computer education of UM Digos College/
_c Rosalina M. Polistico, Christine B. Dizon and Leah G Guillen.
260 _aDigos City:
_bUMDC
_cMay 2007.
300 _a48 pages;
_c28 cm.
650 0 _95692
_aLiberal Arts
_vEnglish
_xUndergraduate thesis.
700 _95693
_aDizon, Christine B.
700 _95694
_aGuillen, Leah G.
942 _2ddc
_cUT
999 _c1794
_d1794